000 00622nam a22001937a 4500
003 DO-SdBNP
005 20220719092614.0
007 ta
008 110301s2019 dr a 000 0 spa d
040 _aDO-SdBNP
_bspa
_cBNPHU
082 4 _axxxx
_bD919a
100 1 _adunker L., José
_953018
245 1 0 _aAprendiendo a ser grande :
_bun seminario para que el adolescente se apodere de su vida y pueda construir una adultez feliz /
_cJosé Dunker L.
260 _aSanto Domingo :
_bNeurona creativa,
_c2019.
300 _a23 p. :
_bil.
_c28 cm.
590 _aInventariado, 2022/ YL
910 _aYLockward
942 _2ddc
_cLF2
999 _c52187
_d52187